Design manual for roads and bridges (DMRB) (Record no. 112001)
[ view plain ]
| 000 -LEADER | |
|---|---|
| fixed length control field | 01467cad a22002055a 4500 |
| 001 - CONTROL NUMBER | |
| control field | L152330 |
| 008 - FIXED-LENGTH DATA ELEMENTS--GENERAL INFORMATION | |
| fixed length control field | 110222s2010 xxk f 000 0 eng d |
| 035 ## - SYSTEM CONTROL NUMBER | |
| System control number | (Sirsi) u152330 |
| 041 0# - LANGUAGE CODE | |
| Language code of text/sound track or separate title | eng |
| 110 2# - MAIN ENTRY--CORPORATE NAME | |
| Corporate name or jurisdiction name as entry element | United Kingdom |
| Subordinate unit | Department for Transport |
| 9 (RLIN) | 4866 |
| 240 ## - UNIFORM TITLE | |
| Uniform title | DMRB |
| 245 00 - TITLE STATEMENT | |
| Title | Design manual for roads and bridges (DMRB) |
| Medium | [electronic resource] |
| 260 ## - PUBLICATION, DISTRIBUTION, ETC. | |
| Place of publication, distribution, etc. | Richmond |
| Name of publisher, distributor, etc. | Department for Transport |
| Date of publication, distribution, etc. | 2010 |
| 520 ## - SUMMARY, ETC. | |
| Summary, etc. | The full text of all 15 volumes: introduction and general requirements; volume 1 highway structures: approval procedures and general dsign; volume 2 highway structures: design (substructures & special substructures), materials; volume 3 highway structures: inspection & maintenance; volume 4 geotechnics & drainage; volume 5 assessment & preparation of road schemes; volume 6 road geometry; volume 7 pavement design & maintenance; volume 8 traffic signs & lighting; volume 9 traffic control & communications; volume 10 environmental design; volume 11 environmental assessment; volume 12 traffic appraisal of road schemes; volume 13 economic assessment of road schemes; volume 14 economic assessment of road maintenance; volume 15 economic assessment of road schemes in Scotland. |
| 590 ## - LOCAL NOTE (RLIN) | |
| Local note | KA NTK |
| 651 #4 - SUBJECT ADDED ENTRY--GEOGRAPHIC NAME | |
| Geographic name | United Kingdom |
| Chronological subdivision | |
| 690 ## - LOCAL SUBJECT ADDED ENTRY--TOPICAL TERM (OCLC, RLIN) | |
| Topical term or geographic name as entry element | BUILT ENVIRONMENT-CONSTRUCTION DESIGN |
| 856 40 - ELECTRONIC LOCATION AND ACCESS | |
| Uniform Resource Identifier | <a href="https://www.standardsforhighways.co.uk/dmrb/index.htm">https://www.standardsforhighways.co.uk/dmrb/index.htm</a> |
| Public note | View the website free of charge at www.standardsforhighways.co.uk |
| 942 ## - ADDED ENTRY ELEMENTS (KOHA) | |
| Suppress in OPAC | 0 |
| Withdrawn status | Lost status | Source of classification or shelving scheme | Damaged status | Not for loan | Home library | Current library | Shelving location | Date acquired | Total Checkouts | Full call number | Barcode | Date last seen | Copy number | Price effective from | Koha item type |
|---|---|---|---|---|---|---|---|---|---|---|---|---|---|---|---|
| Dewey Decimal Classification | Virtual | Virtual | Online | 22/02/2011 | ONLINE PUBLICATION | 152330-1001 | 06/08/2019 | 1 | 06/08/2019 | Book |